GROWER TALKS ON STRUCTURES AND EQUIPMENT (Registro nro. 50406)
[ vista simple ]
| 000 -LEADER | |
|---|---|
| fixed length control field | 00983nam a2200181 a 4500 |
| 001 - CONTROL NUMBER | |
| control field | 50406 |
| 005 - DATE AND TIME OF LATEST TRANSACTION | |
| control field | 20180714035446.0 |
| 008 - FIXED-LENGTH DATA ELEMENTS--GENERAL INFORMATION | |
| fixed length control field | 140415d 000 0 eng d |
| 020 ## - INTERNATIONAL STANDARD BOOK NUMBER | |
| International Standard Book Number | 1883052297 |
| 041 ## - LANGUAGE CODE | |
| Language code of text/sound track or separate title | eng |
| 082 ## - DEWEY DECIMAL CLASSIFICATION NUMBER | |
| Classification number | 690.8924 |
| Item number | GRO |
| 245 00 - TITLE STATEMENT | |
| Title | GROWER TALKS ON STRUCTURES AND EQUIPMENT |
| 250 ## - EDITION STATEMENT | |
| Edition statement | 1a ed. |
| 260 ## - PUBLICATION, DISTRIBUTION, ETC. | |
| Place of publication, distribution, etc. | [s.l.] : |
| Name of publisher, distributor, etc. | BALL PUBLISHING, |
| Date of publication, distribution, etc. | [s.f.] |
| 300 ## - PHYSICAL DESCRIPTION | |
| Extent | 311 |
| Dimensions | 15.2 x 1.5 x 22.8 |
| 520 ## - SUMMARY, ETC. | |
| Summary, etc. | WHAT ARE THE BENEFITS OF A RETRACTABLE ROOF? IS GLASS OR POLY THE BETTER COVERING? HOW CAN YOU SAVE HEATING YOUR HOUSES? ARE FLOOD FLOORS THE WAY TO GO FOR YOUR OPERATION ? THE ANSWERS TO THESE QUESTIONS ARE AS DIVERSE AS THE NUMER OF GREENHOUSES.THE ONE TOOL THAT EVERYONE NEEDS IS GROWER TALKS ON STRUCTURES AND EQUIPMENT. WHETHER YOU HAVE ONE HOOP HOUSE OR SEVERAL ACRES UNDER ROOF YUO´LL FIND JUST THE RIGHT INFORMATION ON: GREENHOUSE STRUCTURES, THE LATEST TECHNOLOGY, INCLUDING |
| 650 14 - SUBJECT ADDED ENTRY--TOPICAL TERM | |
| Topical term or geographic name entry element | INVERNADEROS |
| General subdivision | INVERNADEROS |
| -- | ADMINISTRACION |
| Withdrawn status | Lost status | Source of classification or shelving scheme | Damaged status | Not for loan | Collection code | Home library | Current library | Shelving location | Date acquired | Source of acquisition | Inventory number | Total Checkouts | Full call number | Barcode | Date last seen | Price effective from | Koha item type |
|---|---|---|---|---|---|---|---|---|---|---|---|---|---|---|---|---|---|
| Dewey Decimal Classification | General | Biblioteca Karol Wojtyla | Biblioteca Karol Wojtyla | Sala general | 03/12/2013 | Compra | 151000000000000000029108 | 690.8924 GRO | 75167 | 05/01/2026 | 03/12/2013 | Libro |